000 00775pam a2200229 a 4500
999 _c328448
_d328448
001 2406144
003 Nust
005 20170407114512.0
008 860815s1987 enka b 001 0 eng
010 _a 86021961
020 _a0710205023 :
_c$7.50
040 _aDLC
_cDLC
_dDLC
050 0 0 _a361.0072 SUT
_b.S868 1987
082 0 0 _a361.0072 SUT
_219
100 1 _aSutton, Carole.
245 1 2 _aA handbook of research for the helping professions /
_cCarole Sutton.
260 _aLondon ;
_aNew York :
_bRoutledge & Kegan Paul,
_c1987.
300 _axviii, 425 p. :
_bill. ;
_c22 cm.
500 _aP.B
504 _aIncludes bibliographies and index.
650 0 _aSocial service
_xResearch.
906 _a7
_bcbc
_corignew
_d1
_eocip
_f19
_gy-gencatlg
942 _2ddc
_cBK
_k361.0072 SUT